[Event "FRA-chT3 Gr12 0304"]
[Site "Loire"]
[Date "2004.03.14"]
[Round "6.3"]
[White "Vernay, Denis"]
[Black "Alvarez, Stephane"]
[Result "1/2-1/2"]
[WhiteElo "1931"]
[BlackElo "2007"]
[PlyCount "50"]
[EventDate "2003.10.12"]
[EventType "team"]
[EventRounds "9"]
[EventCountry "FRA"]
[SourceTitle "EXT 2008"]
[Source "ChessBase"]
[SourceDate "2007.11.25"]
[SourceVersion "1"]
[SourceVersionDate "2007.11.25"]
[SourceQuality "1"]

1. c4 c6 2. Nf3 Nf6 3. g3 d5 4. cxd5 cxd5 5. d4 Nc6 6. Bg2 g6 7. Nc3 Bg7 8. a3 0-0 9. 0-0 e6 10. b4 Bd7 11. Bb2 Ne8 12. e4 dxe4 13. Nxe4 Nf6 14. Ne5 Nxe5 15. dxe5 Nxe4 16. Bxe4 Bb5 17. Qxd8 Raxd8 18. Rfd1 b6 19. Bf3 Ba4 20. Rxd8 Rxd8 21. Rc1 Rd7 22. Rc8+ Bf8 23. Bc1 Kg7 24. Bg5 Be7 25. Bxe7 Rxe7 1/2-1/2

[Event "FRA-chT3 Gr12 0304"]
[Site "Loire"]
[Date "2004.02.01"]
[Round "5.3"]
[White "Alvarez, Stephane"]
[Black "Tartarin, Didier"]
[Result "1-0"]
[WhiteElo "2007"]
[BlackElo "1930"]
[PlyCount "59"]
[EventDate "2003.10.12"]
[EventType "team"]
[EventRounds "9"]
[EventCountry "FRA"]
[SourceTitle "EXT 2008"]
[Source "ChessBase"]
[SourceDate "2007.11.25"]
[SourceVersion "1"]
[SourceVersionDate "2007.11.25"]
[SourceQuality "1"]

1. e4 e5 2. Nf3 Nc6 3. Bc4 Bc5 4. c3 Nf6 5. d4 exd4 6. cxd4 Bb4+ 7. Nc3 d6 8. 0-0 Bxc3 9. bxc3 0-0 10. Bg5 h6 11. Bh4 Bg4 12. Qd3 Re8 13. Rfe1 a6 14. Bb3 Qe7 15. e5 Bxf3 16. Bxf6 Qf8 17. Bc2 g6 18. Qxf3 dxe5 19. dxe5 Re6 20. Qg4 Ne7 21. f4 Kh7 22. Rad1 Re8 23. Rd7 Rxf6 24. exf6 Nf5 25. Rf1 h5 26. Qg5 Qc5+ 27. Kh1 Kg8 28. Bxf5 Qb5 29. Bd3 Qxd7 30. Qh6 1-0

[Event "Loire Cup 2000 Phase Ligue"]
[Site "Loire"]
[Date "2003.02.23"]
[Round "2"]
[White "Erb, Yves"]
[Black "Alvarez, Stephane"]
[Result "0-1"]
[WhiteElo "1720"]
[BlackElo "1980"]
[PlyCount "73"]
[EventDate "2003.02.23"]
[EventType "team"]
[EventRounds "3"]
[EventCountry "FRA"]
[SourceTitle "EXT 2008"]
[Source "ChessBase"]
[SourceDate "2007.11.25"]
[SourceVersion "1"]
[SourceVersionDate "2007.11.25"]
[SourceQuality "1"]

1. e4 e5 2. Nf3 Nc6 3. Bc4 Nf6 4. d3 Be7 5. Nc3 d6 6. h3 0-0 7. Be3 a6 8. Qd2 Bd7 9. d4 exd4 10. Nxd4 Nxd4 11. Bxd4 b5 12. Bd3 Bc6 13. a3 Bb7 14. Qf4 c5 15. Be3 c4 16. Be2 Re8 17. 0-0 Bf8 18. Bf3 Qe7 19. Nd5 Bxd5 20. exd5 Qe5 21. Qxe5 dxe5 22. Rad1 Rad8 23. Bg5 Be7 24. Rfe1 h6 25. Bxf6 gxf6 26. Re2 Bd6 27. Bg4 Re7 28. Re3 Bc5 29. Rg3 Kf8 30. Bf5 e4 31. Rg4 e3 32. fxe3 Rxe3 33. Kf1 Re5 34. Be4 f5 35. Rh4 fxe4 36. Rxh6 Rf5+ 37. Ke1 0-1